000 00698cpcaa22002177a 4500
001 mm 80002103
003 DLC
005 20260227111659.0
008 800121|||||||||||| eng
010 _amm 80002103
040 _aDLC
_edacs
_cDLC
_dDLC
072 7 _aC
_2lcmd
100 1 _aWatson, John,
_dactive 1740.
245 0 0 _aJohn Watson correspondence,
_f1740.
300 _a1
_fitem.
506 0 _aOpen to research.
580 _aForms part of: Miscellaneous Manuscripts collection.
546 _aCollection material in English.
999 _c42472
_d42472